000 00248nam a2200097Ia 4500
008 231212s1992 xx 000 0 und d
041 _aeng
100 _aBadri Ram
245 _aAdvanced Microprocessor & Interfacing
260 _aBombay
_bTata Mc
_c1992
999 _c969461
_d969461